00461nam a2200181 a 45000010005000000030009000050050017000140080041000310400028000720820016001001000020001162450023001362600029001593000014001884900031002026500023002336500023002567602CO-ViMGA20250801162556.0141112s2004 ck r 000 u spa d aCO-ViMGAbspacCO-ViMGA04a745.06 K5461 aKlipfer, Werner10aMetales artisticos aParis : bBouret, c1973 a35 p : il aArte manual y fantasia, 1214aARTESANIAS - METAL14aMETAL - ARTESANIAS